000 00477nam a2200157Ia 4500
999 _c19178
_d19178
003 OSt
005 20200703151339.0
008 190216s9999||||xx |||||||||||||| ||und||
040 _coclc
082 _a940.072
_bMCN/S
100 _a Mcneill, William H
_93378
245 0 _aThe Shape Of European History /
_cWilliam H Mcneill
260 _bOxford University Press,
_aNew York:
_c1974.
300 _a181p
942 _cBK
_2ddc
_h940.072
_iMCN/S
_k940.072
_mMCN/S